[Event "Championnat de France - Open A"]
[Site "Pau"]
[Date "2008.08.17"]
[Round "6.27"]
[White "Le Bail, Clara"]
[Black "Frih, Ameur"]
[Result "0-1"]
[WhiteElo "2035"]
[BlackElo "2103"]
[PlyCount "98"]

1. e4 c5 2. c3 Nf6 3. e5 Nd5 4. Bc4 Nb6 5. Bb3 Nc6 6. Nf3 d5 7. exd6 e6 8. d4
cxd4 9. cxd4 Bxd6 10. Nc3 O-O 11. O-O Be7 12. Be3 Bf6 13. Ne4 h6 14. a3 Nd5 15.
Qd3 Nce7 16. Bc2 Ng6 17. Nxf6+ Nxf6 18. Rac1 Qd6 19. Qd2 Ng4 20. Rfe1 b6 21.
Be4 Rb8 22. Rc6 Qd7 23. Bf4 f5 24. Rc7 Qd8 25. Rxg7+ Kxg7 26. Bxb8 fxe4 27.
Rxe4 e5 28. Bxe5+ N4xe5 29. Nxe5 Bf5 30. Re2 Qg5 31. Qxg5 hxg5 32. Nxg6 Kxg6
33. f3 Kf6 34. Kf2 Rd8 35. Rd2 Be6 36. Kg3 Rh8 37. h3 Rh4 38. Rf2 Rxd4 39. f4
Rd3+ 40. Kh2 g4 41. hxg4 Bxg4 42. Rc2 Be6 43. Re2 Bd5 44. Rc2 Kf5 45. Rc7 Kxf4
46. Rxa7 Rd2 47. Rg7 Rxb2 48. Rg6 b5 49. Rg3 Rxg2+ 0-1

[Event "Championnat de France - Open A"]
[Site "Pau"]
[Date "2008.08.17"]
[Round "6.28"]
[White "Lamberti, Hugo"]
[Black "Fevre, Mathieu"]
[Result "0-1"]
[WhiteElo "2101"]
[BlackElo "2032"]
[PlyCount "88"]

1. e4 c5 2. Nf3 e6 3. Nc3 a6 4. a4 Nc6 5. g3 d6 6. Bg2 Nf6 7. O-O Qc7 8. d3 Be7
9. Re1 Bd7 10. Nb1 O-O 11. c3 e5 12. h3 b5 13. axb5 axb5 14. Rxa8 Rxa8 15. Nbd2
h6 16. Nf1 Ra1 17. Ne3 Be6 18. Nh2 Na5 19. Nd5 Qb7 20. Nxf6+ Bxf6 21. Qe2 Nb3
22. Be3 Qa6 23. f4 c4 24. Nf3 cxd3 25. Qxd3 Rxe1+ 26. Nxe1 Qa1 27. Qc2 Bc4 28.
Qf2 exf4 29. Bxf4 Nc5 30. Kh2 Na4 31. Bxd6 Qxb2 32. Qxb2 Nxb2 33. e5 Bd8 34.
Be4 Na4 35. Bb4 Bg5 36. Nf3 Bc1 37. Kg2 Bb2 38. Nd2 Bxc3 39. Nxc4 bxc4 40. Bxc3
Nxc3 41. Bc2 Nd5 42. Kf3 Nb4 43. Be4 c3 44. Ke3 Kf8 0-1

[Event "Championnat de France - Open A"]
[Site "Pau"]
[Date "2008.08.17"]
[Round "6.29"]
[White "Veron, Cyprien"]
[Black "Denous, Cyprien"]
[Result "1-0"]
[WhiteElo "2098"]
[BlackElo "2028"]
[PlyCount "105"]

1. Nf3 d5 2. d4 Nc6 3. c4 Bg4 4. e3 e6 5. Be2 Bb4+ 6. Nc3 Nf6 7. O-O O-O 8.
cxd5 Nxd5 9. Bd2 Qe7 10. e4 Nb6 11. a3 Bxc3 12. bxc3 Bxf3 13. gxf3 f5 14. e5 g5
15. Kh1 Kh8 16. Rg1 Rg8 17. Qc1 h6 18. h4 gxh4 19. Bxh6 Rxg1+ 20. Qxg1 Rg8 21.
Qh2 Rg6 22. Bd2 Nd8 23. Rg1 Rxg1+ 24. Qxg1 Qg7 25. Bg5 Qf8 26. Qh2 Nf7 27.
Qxh4+ Kg8 28. f4 c5 29. Be7 Qh6 30. Bh5 Kg7 31. Bxc5 Nd5 32. Kg1 Qxf4 33. Qxf4
Nxf4 34. Bf3 b6 35. Be7 Ng5 36. Bxg5 Nh3+ 37. Kg2 Nxg5 38. c4 Kf8 39. Kg3 Ke7
40. Bg2 Nf7 41. Kf4 Nd8 42. d5 Kd7 43. Bf3 a6 44. dxe6+ Nxe6+ 45. Kxf5 Nd4+ 46.
Ke4 Nc2 47. Bg4+ Ke7 48. a4 Nb4 49. f4 a5 50. f5 Na6 51. f6+ Ke8 52. e6 Nc5+
53. Kd5 1-0

[Event "Championnat de France - Open A"]
[Site "Pau"]
[Date "2008.08.17"]
[Round "6.30"]
[White "Venner, Laurent"]
[Black "Koch, Alain"]
[Result "0-1"]
[WhiteElo "2029"]
[BlackElo "2090"]
[PlyCount "68"]

1. d4 d5 2. Nf3 Nf6 3. Bf4 e6 4. e3 Bd6 5. Bg3 Ne4 6. Bxd6 cxd6 7. c4 Qa5+ 8.
Nbd2 dxc4 9. Bxc4 d5 10. Be2 Nc6 11. O-O Nxd2 12. Nxd2 O-O 13. a3 Bd7 14. b4
Qd8 15. Nb3 b6 16. Rc1 Ne7 17. Ba6 Bc8 18. Bd3 Bb7 19. f4 g6 20. g4 f5 21. g5
Nc8 22. h4 Nd6 23. h5 Rc8 24. Nd2 Rxc1 25. Qxc1 Kg7 26. Qc2 Qc8 27. hxg6 Qxc2
28. Bxc2 hxg6 29. Bd3 Rc8 30. Nf3 Rc3 31. Ne5 Nf7 32. Nxf7 Kxf7 33. Bb5 a6 34.
Bd7 Ke7 0-1

[Event "Championnat de France - Open A"]
[Site "Pau"]
[Date "2008.08.17"]
[Round "6.31"]
[White "Normand, Vincent"]
[Black "Moucheroud, Jeremy"]
[Result "1/2-1/2"]
[WhiteElo "2090"]
[BlackElo "2012"]
[PlyCount "89"]

1. e4 c5 2. Nc3 Nc6 3. Bb5 d6 4. Bxc6+ bxc6 5. d3 g6 6. f4 Bg7 7. Nf3 d5 8. e5
e6 9. b3 Ba6 10. O-O Ne7 11. Na4 c4 12. Nc5 Qa5 13. Nxa6 Qxa6 14. dxc4 dxc4 15.
Qe2 Nd5 16. Qxc4 Qxc4 17. bxc4 Nb6 18. c5 Nd7 19. Be3 Bf8 20. Nd2 Bxc5 21. Kf2
Ke7 22. Nc4 Bb6 23. a4 Rab8 24. Rab1 c5 25. Rb3 Bc7 26. Rfb1 a6 27. Kf3 Rxb3
28. Rxb3 Rb8 29. Ke4 Kd8 30. g4 Rb4 31. Rxb4 cxb4 32. f5 a5 33. Bd4 Ke7 34. f6+
Kd8 35. h4 Kc8 36. h5 Kb7 37. hxg6 hxg6 38. Nd2 Nf8 39. Nf3 Nh7 40. Kd3 Bb6 41.
Bb2 Kc6 42. Ke4 Bf2 43. Bd4 Bxd4 44. Nxd4+ Kc5 45. Nb3+ 1/2-1/2

[Event "Championnat de France - Open A"]
[Site "Pau"]
[Date "2008.08.17"]
[Round "6.32"]
[White "Gaubil, Olivier"]
[Black "Allorant, Adrien"]
[Result "0-1"]
[WhiteElo "2154"]
[BlackElo "2011"]
[PlyCount "90"]

1. Nf3 c5 2. c4 Nc6 3. d4 cxd4 4. Nxd4 Nf6 5. Nc3 g6 6. e4 d6 7. f3 Nxd4 8.
Qxd4 Bg7 9. Be3 O-O 10. Qd2 Be6 11. Rc1 Qa5 12. Be2 Rfc8 13. O-O Nd7 14. Rfd1
a6 15. Rc2 b5 16. Nd5 Qxd2 17. Rdxd2 Bxd5 18. cxd5 Nc5 19. b3 b4 20. Rd1 Bc3
21. Rdc1 a5 22. Rxc3 bxc3 23. Rxc3 Rab8 24. Bd1 Na6 25. Rxc8+ Rxc8 26. Kf1 Nb4
27. a3 Na2 28. Bd2 Nc3 29. Ke1 Kg7 30. b4 axb4 31. axb4 Nxd1 32. Kxd1 f5 33.
Ke2 Kf6 34. Kd3 e6 35. Bc3+ e5 36. Kc2 Ke7 37. Kb3 Kd7 38. Bd2 fxe4 39. fxe4
Kc7 40. Be3 Ra8 41. b5 Ra1 42. Kc3 Ra3+ 43. Kd2 Ra2+ 44. Kd3 Rxg2 45. h4 Rg3
0-1

[Event "Championnat de France - Open A"]
[Site "Pau"]
[Date "2008.08.17"]
[Round "6.33"]
[White "Lograda, Alexis"]
[Black "Rodier, David"]
[Result "1-0"]
[WhiteElo "2033"]
[BlackElo "2162"]
[PlyCount "53"]

1. e4 c5 2. Nf3 d6 3. d4 cxd4 4. Nxd4 Nf6 5. Nc3 a6 6. Bg5 e6 7. f4 Nbd7 8. Qf3
Qc7 9. O-O-O b5 10. e5 Bb7 11. Qh3 dxe5 12. Nxe6 fxe6 13. Qxe6+ Be7 14. Bxb5
O-O-O 15. Qxe7 axb5 16. Nxb5 Qa5 17. Nd6+ Kb8 18. Nxb7 Kxb7 19. Bxf6 Kc8 20.
Bxe5 Qxa2 21. Qa3 Qxa3 22. bxa3 Rhe8 23. Rhe1 g5 24. g3 g4 25. Bc3 Rxe1 26.
Rxe1 Nc5 27. Bb4 1-0

[Event "Championnat de France - Open A"]
[Site "Pau"]
[Date "2008.08.17"]
[Round "6.34"]
[White "Prodhomme, Boris"]
[Black "Gretry, Patrice"]
[Result "1-0"]
[WhiteElo "2151"]
[BlackElo "2029"]
[PlyCount "49"]

1. d4 d5 2. c4 c6 3. Nf3 Nf6 4. Nc3 dxc4 5. e4 b5 6. e5 Nd5 7. a4 e6 8. axb5
Nxc3 9. bxc3 cxb5 10. Ng5 Bb7 11. Qh5 g6 12. Qg4 Be7 13. Be2 Nd7 14. Bf3 Bxf3
15. Qxf3 O-O 16. h4 Nb6 17. Qh3 Kg7 18. Ra6 Qd5 19. h5 Rh8 20. Qg4 h6 21. Nxf7
Kxf7 22. Qxg6+ Kf8 23. Rh3 Bg5 24. Ba3+ Be7 25. Qf6+ 1-0

[Event "Championnat de France - Open A"]
[Site "Pau"]
[Date "2008.08.17"]
[Round "6.35"]
[White "Loiseau, Quentin"]
[Black "Jeanjean, Dominique"]
[Result "0-1"]
[WhiteElo "2028"]
[BlackElo "2140"]
[PlyCount "94"]

1. c4 e6 2. Nf3 d5 3. d4 Nf6 4. g3 Be7 5. Bg2 O-O 6. O-O dxc4 7. Qc2 a6 8. Qxc4
b5 9. Qc2 Bb7 10. Bd2 Ra7 11. Rd1 Nbd7 12. Ba5 Be4 13. Qc1 Qa8 14. b4 Nb6 15.
Nbd2 Bd5 16. Qc2 Ne4 17. Ne5 Nxd2 18. Bxd5 exd5 19. Bxb6 cxb6 20. Qxd2 Rc7 21.
Rac1 Rfc8 22. a3 Bd6 23. Nd3 Rc4 24. Nb2 R4c7 25. Rxc7 Rxc7 26. Rc1 Qc8 27.
Rxc7 Qxc7 28. Qg5 Be7 29. Qe5 Qxe5 30. dxe5 f6 31. Nd3 fxe5 32. Nxe5 a5 33. Nd3
Kf7 34. f4 Ke6 35. Kf2 d4 36. g4 Kd5 37. Kf3 Kc4 38. Ne5+ Kb3 39. Nc6 Kxa3 40.
bxa5 bxa5 41. Nxe7 a4 42. Ke4 Kb2 43. f5 a3 44. g5 a2 45. f6 gxf6 46. gxf6 a1=Q
47. f7 Qa8+ 0-1

[Event "Championnat de France - Open A"]
[Site "Pau"]
[Date "2008.08.17"]
[Round "6.36"]
[White "Leitner, Walter"]
[Black "Robert, Bastien"]
[Result "1-0"]
[WhiteElo "2126"]
[BlackElo "2018"]
[PlyCount "44"]

1. e4 c5 2. Nf3 d6 3. Bb5+ Bd7 4. Bxd7+ Qxd7 5. O-O g6 6. d4 cxd4 7. Nxd4 Bg7
8. c4 Nf6 9. Nc3 O-O 10. h3 Nc6 11. Be3 Rfc8 12. Qd2 Nxd4 13. Qxd4 Ng4 14. Qd5
Nxe3 15. fxe3 e6 16. Qd3 Qc6 17. Rac1 Qxc4 18. Qxd6 Bxc3 19. Rxc3 Qxe4 20. Qe7
Rf8 21. Rc7 Qxe3+ 22. Kh1 Rad8 {suite illisible} 1-0

[Event "Championnat de France - Open A"]
[Site "Pau"]
[Date "2008.08.17"]
[Round "6.37"]
[White "Ruch, Bernard"]
[Black "Couche, Jean-Francois"]
[Result "0-1"]
[WhiteElo "2022"]
[BlackElo "2105"]
[PlyCount "102"]

1. d4 Nf6 2. Nf3 d6 3. c3 Nbd7 4. Bg5 h6 5. Bh4 g6 6. e3 Bg7 7. Nbd2 O-O 8. Qc2
c5 9. Bc4 Rb8 10. dxc5 d5 11. Be2 Nxc5 12. Bg3 Bf5 13. Qd1 Rc8 14. O-O Qb6 15.
Nb3 Na4 16. Nbd4 Nxb2 17. Qb3 Be4 18. Ne5 Nc4 19. Bxc4 dxc4 20. Qxb6 axb6 21.
f3 Bd3 22. Rfe1 Rfd8 23. Rad1 Nd5 24. Nb5 Bxe5 25. Bxe5 f6 26. Bg3 Rc5 27. a4
e5 28. e4 Ne7 29. Bf2 Rc6 30. Rd2 Kf7 31. Be3 g5 32. g4 h5 33. h3 Ke6 34. Na7
Rcd6 35. Nb5 Rc6 36. Na7 Rcd6 37. Nb5 R6d7 38. Bxb6 Rh8 39. Be3 Ng6 40. Kg2
Rdh7 41. gxh5 Rxh5 42. Rh1 g4 43. Rxd3 gxf3+ 44. Kxf3 cxd3 45. Nc7+ Kf7 46. Rb1
Rxh3+ 47. Kf2 Rh2+ 48. Kf1 Rh1+ 49. Bg1 Nf4 50. Rxb7 Kg6 51. Nd5 Ne2 0-1

[Event "Championnat de France - Open A"]
[Site "Pau"]
[Date "2008.08.17"]
[Round "6.38"]
[White "Lemoine, Benoit"]
[Black "Guilbert, Jean-Louis"]
[Result "1-0"]
[WhiteElo "2092"]
[BlackElo "2003"]
[PlyCount "31"]

1. e4 c5 2. Nf3 d6 3. d4 cxd4 4. Nxd4 Nf6 5. Nc3 a6 6. Bg5 e6 7. f4 b5 8. Qf3
Bb7 9. Bd3 Be7 10. O-O-O Qc7 11. Rhe1 O-O 12. Qh3 g6 13. Qh4 Qd8 14. e5 dxe5
15. Nf3 Nbd7 16. fxe5 1-0

[Event "Championnat de France - Open A"]
[Site "Pau"]
[Date "2008.08.17"]
[Round "6.39"]
[White "Cramer, Stephen"]
[Black "Bruneau, Francois"]
[Result "0-1"]
[WhiteElo "2090"]
[BlackElo "2002"]
[PlyCount "74"]

1. e4 d6 2. d4 Nf6 3. Nc3 g6 4. Nf3 Bg7 5. Bc4 c6 6. O-O b5 7. Bd3 O-O 8. Ne2
Bg4 9. Ng3 Nbd7 10. h3 Bxf3 11. Qxf3 Qc7 12. c3 Rab8 13. Be3 b4 14. cxb4 Rxb4
15. b3 c5 16. Rac1 Qb6 17. dxc5 dxc5 18. Qe2 Qb8 19. Bxc5 Nxc5 20. Rxc5 Nd7 21.
Rc2 Bd4 22. Rfc1 Qxg3 23. Rc4 Rxc4 24. Rxc4 Bxf2+ 25. Qxf2 Qxd3 26. Qxa7 Ne5
27. Ra4 Rc8 28. Qd4 Qg3 29. Qd1 Nd3 30. Rc4 Rxc4 31. bxc4 Qe3+ 32. Kh2 Qxe4 33.
Qc2 h5 34. a4 h4 35. a5 Qe5+ 36. Kh1 Qe1+ 37. Kh2 Nf2 0-1

[Event "Championnat de France - Open A"]
[Site "Pau"]
[Date "2008.08.17"]
[Round "6.40"]
[White "Castro, John"]
[Black "Duchateau, Thomas"]
[Result "0-1"]
[WhiteElo "2014"]
[BlackElo "2088"]
[PlyCount "34"]

1. e4 g6 2. d4 Bg7 3. Nc3 d6 4. Be3 a6 5. Be2 b5 6. f4 Nd7 7. Bf3 Bb7 8. Nh3
Rc8 9. O-O c5 10. e5 Bxf3 11. Qxf3 Nh6 12. f5 cxd4 13. Bxh6 Bxh6 14. e6 fxe6
15. fxe6 Ne5 16. Qb7 dxc3 17. Qxa6 Rb8 0-1

[Event "Championnat de France - Open A"]
[Site "Pau"]
[Date "2008.08.17"]
[Round "6.41"]
[White "Ane, Regis"]
[Black "Donskoi, Karel"]
[Result "0-1"]
[WhiteElo "1993"]
[BlackElo "2084"]
[PlyCount "60"]

1. e4 e6 2. d3 d5 3. Nd2 c5 4. Ngf3 Nc6 5. g3 b6 6. Bg2 Nf6 7. O-O Qc7 8. Re1
Be7 9. Qe2 Ba6 10. e5 Nd7 11. Nf1 h6 12. h4 O-O-O 13. N1h2 Rde8 14. Bf4 g5 15.
hxg5 hxg5 16. Bxg5 Bxg5 17. Nxg5 Ndxe5 18. Ngf3 Ng6 19. Ng4 Bb7 20. Nge5 Ngxe5
21. Nxe5 Nd4 22. Qd2 Reg8 23. c3 Nf5 24. b4 d4 25. Nf3 Nxg3 26. fxg3 Qxg3 27.
Qf2 Qxf3 28. Qxf3 Bxf3 29. Kf2 Bxg2 30. cxd4 cxd4 0-1

[Event "Championnat de France - Open A"]
[Site "Pau"]
[Date "2008.08.17"]
[Round "6.42"]
[White "Lamard, Guillaume"]
[Black "Medeuf, Yonhel"]
[Result "1/2-1/2"]
[WhiteElo "2001"]
[BlackElo "2080"]
[PlyCount "121"]

1. d4 Nf6 2. c4 c5 3. d5 b5 4. Qc2 d6 5. e4 g6 6. Nf3 Bg7 7. cxb5 a6 8. Nc3 O-O
9. Be2 axb5 10. Bxb5 Na6 11. O-O Nb4 12. Qe2 e6 13. a3 exd5 14. exd5 Bb7 15.
axb4 Rxa1 16. bxc5 dxc5 17. Be3 Rxf1+ 18. Qxf1 Nxd5 19. Bxc5 Nxc3 20. bxc3 Bxf3
21. Bxf8 Kxf8 22. gxf3 Bxc3 23. Qg2 Qd1+ 24. Bf1 Bd4 25. Qg5 Kg7 26. Qf4 Qa1
27. Qg3 Qe1 28. Kg2 Be5 29. Qh4 Qd2 30. Bc4 Bd4 31. Qg3 h5 32. h3 Qc2 33. Bf1
Bf6 34. Qf4 Qc5 35. Bc4 Qe7 36. Qe4 Qc5 37. Qd5 Qc7 38. Qe4 Be5 39. Qd5 Qe7 40.
Qd2 Qf6 41. Qe3 Bc7 42. Qe4 Qd6 43. f4 Qf6 44. Kf3 Qh4 45. Bf1 Bb6 46. Qe5+ Kh7
47. Qb2 Bc7 48. Qd4 Qe7 49. Bc4 Qh4 50. Bf1 Qd8 51. Qe4 Bb6 52. Qc2 Qf6 53. Bc4
Kg7 54. Bf1 Qd4 55. Bc4 f6 56. Bd3 g5 57. fxg5 fxg5 58. Kg2 Qe5 59. Qc6 Qf6 60.
Qxf6+ Kxf6 61. Be2 1/2-1/2

[Event "Championnat de France - Open A"]
[Site "Pau"]
[Date "2008.08.17"]
[Round "6.43"]
[White "Thon, Gabriel"]
[Black "Forestier, Carole"]
[Result "0-1"]
[WhiteElo "1985"]
[BlackElo "2067"]
[PlyCount "182"]

1. e4 e6 2. d4 d5 3. Nd2 Nf6 4. e5 Nfd7 5. Bd3 c5 6. c3 Nc6 7. Ndf3 cxd4 8.
cxd4 f6 9. exf6 Nxf6 10. Nh3 Bb4+ 11. Bd2 Qb6 12. O-O Bxd2 13. Qxd2 O-O 14. Bb1
Ne4 15. Qd1 Qxb2 16. Bxe4 dxe4 17. Nfg5 e5 18. dxe5 Qxe5 19. Qb3+ Kh8 20. Nf7+
Rxf7 21. Qxf7 Bxh3 22. gxh3 Nd4 23. Rfe1 Nc2 24. Rac1 Nxe1 25. Rxe1 Rb8 26. Qc4
Re8 27. f3 e3 28. Re2 h6 29. Kg2 Qg5+ 30. Qg4 Qb5 31. f4 Qc6+ 32. Qf3 Qg6+ 33.
Qg4 Qe4+ 34. Qf3 Qe7 35. Qd5 Rd8 36. Rxe3 Rxd5 37. Rxe7 Rd2+ 38. Kg3 Rb2 39. a4
a5 40. Re5 b6 41. Re6 Kg8 42. Rc6 Kf7 43. h4 h5 44. Kf3 Rb4 45. Rd6 Ke7 46. Rg6
Kf7 47. Rc6 Rxa4 48. Rxb6 Ra2 49. Ke4 Rxh2 50. Rb7+ Kf6 51. Rb6+ Kf7 52. Rb7+
Kg6 53. Rb6+ Kh7 54. Rb5 Rxh4 55. Rxa5 Rh1 56. Kf3 g6 57. Rg5 Rf1+ 58. Kg3 Kg7
59. Rb5 Kf6 60. Ra5 Rd1 61. Kf3 Rf1+ 62. Kg3 Ke6 63. Rb5 Rd1 64. Kf3 Rd5 65.
Rb8 Rd4 66. Rb5 Rc4 67. Rb6+ Kf5 68. Rb5+ Kf6 69. Rb6+ Kg7 70. Rb7+ Kh6 71. Rb3
Rd4 72. Rb5 Kg7 73. Ra5 Rd1 74. Rb5 Rf1+ 75. Kg3 Kf6 76. Ra5 Ke6 77. Rb5 Rg1+
78. Kf3 Kd6 79. Ra5 Ke6 80. Rb5 h4 81. Rb2 Kf5 82. Rb5+ Kf6 83. Rb2 Rg3+ 84.
Ke4 h3 85. Rh2 g5 86. fxg5+ Kxg5 87. Rc2 Kg4 88. Rc8 Rg2 89. Rg8+ Kh4 90. Rh8+
Kg3 91. Rg8+ Kf2 0-1

[Event "Championnat de France - Open A"]
[Site "Pau"]
[Date "2008.08.17"]
[Round "6.44"]
[White "Daspres, Loic"]
[Black "Csomos, Romain"]
[Result "1/2-1/2"]
[WhiteElo "2060"]
[BlackElo "2011"]
[PlyCount "103"]

1. e4 e6 2. d4 d5 3. Nd2 Nf6 4. e5 Nfd7 5. Bd3 c5 6. c3 Qb6 7. Ne2 Nc6 8. Nf3
cxd4 9. cxd4 Bb4+ 10. Bd2 Bxd2+ 11. Qxd2 Qb4 12. a3 Qxd2+ 13. Nxd2 Nb6 14. O-O
Bd7 15. b4 a6 16. Rfc1 Na7 17. Nb3 Bc6 18. Na5 Kd7 19. a4 Rab8 20. Nc3 Ke7 21.
b5 axb5 22. axb5 Bd7 23. Nb3 Ra8 24. Na5 Rhb8 25. Ra3 Nac8 26. Rca1 Ra7 27. h4
h6 28. f4 Rba8 29. Kf2 h5 30. Kf3 Be8 31. g4 hxg4+ 32. Kxg4 g6 33. h5 gxh5+ 34.
Kxh5 f5+ 35. Kg5 Nd7 36. Bxf5 exf5 37. Nxd5+ Kf7 38. e6+ Kxe6 39. Nc7+ Kf7 40.
Nxa8 Rxa8 41. Nxb7 Rxa3 42. Rxa3 Ndb6 43. Ra6 Ke6 44. Nd8+ Kd5 45. Nc6 Kc4 46.
Na7 Nxa7 47. Rxa7 Kxd4 48. Kxf5 Bxb5 49. Re7 Nd5 50. Re4+ Kc5 51. Re5 Kd6 52.
Rxd5+ 1/2-1/2

[Event "Championnat de France - Open A"]
[Site "Pau"]
[Date "2008.08.17"]
[Round "6.45"]
[White "Budin, Florent"]
[Black "Bourdeaud'Huy, Thomas"]
[Result "1/2-1/2"]
[WhiteElo "1973"]
[BlackElo "2052"]
[PlyCount "31"]

1. d4 Nf6 2. Nf3 g6 3. c4 Bg7 4. g3 d6 5. Bg2 O-O 6. O-O c6 7. Nc3 Qc7 8. Qc2
e5 9. Rd1 Na6 10. a3 Bg4 11. h3 Be6 12. b3 Rac8 13. dxe5 dxe5 14. Ng5 Bf5 15.
e4 Bd7 16. Be3 1/2-1/2

[Event "Championnat de France - Open A"]
[Site "Pau"]
[Date "2008.08.17"]
[Round "6.46"]
[White "Lagunes, Jean-Renaud"]
[Black "Rodon, Gurvan"]
[Result "1/2-1/2"]
[WhiteElo "2047"]
[BlackElo "1989"]
[PlyCount "32"]

1. e4 c5 2. Nf3 d6 3. Bb5+ Bd7 4. Bxd7+ Qxd7 5. c4 Nf6 6. Nc3 g6 7. d4 cxd4 8.
Nxd4 Bg7 9. O-O O-O 10. f3 Rc8 11. b3 d5 12. exd5 Nxd5 13. Nxd5 e6 14. Bh6 exd5
15. Bxg7 Kxg7 16. c5 Na6 1/2-1/2

[Event "Championnat de France - Open A"]
[Site "Pau"]
[Date "2008.08.17"]
[Round "6.47"]
[White "Brunier, Jules"]
[Black "Schweitzer, Adrien"]
[Result "0-1"]
[WhiteElo "1937"]
[BlackElo "2041"]
[PlyCount "86"]

1. e4 e5 2. Nf3 Nc6 3. Bc4 Nf6 4. d4 exd4 5. e5 Ng4 6. Bxf7+ Kxf7 7. Ng5+ Kg8
8. Qxg4 h6 9. Nf3 d6 10. e6 Qf6 11. O-O Bxe6 12. Qg3 Re8 13. c3 dxc3 14. Nxc3
Bc4 15. Rd1 Kh7 16. Qh3 Ne5 17. Ng5+ Kg8 18. Nge4 Qf7 19. f4 d5 20. Nf2 Bc5 21.
Na4 Bxf2+ 22. Kxf2 h5 23. Kg1 Ng4 24. Bd2 Qf6 25. Qc3 Qh4 26. Qg3 Qxg3 27. hxg3
b6 28. Re1 Kf7 29. b3 Bd3 30. Rac1 c5 31. Nc3 Nf6 32. a4 a6 33. a5 b5 34. Na2
Ne4 35. Be3 d4 36. Bf2 Rh6 37. Rxe4 Bxe4 38. Rxc5 d3 39. Rc1 d2 40. Rd1 Rd8 41.
Be3 Rhd6 42. Nb4 Bf5 43. Kf2 Bg4 0-1

[Event "Championnat de France - Open A"]
[Site "Pau"]
[Date "2008.08.17"]
[Round "6.48"]
[White "Ane, Cedric"]
[Black "Neri, Jean-Baptiste"]
[Result "1/2-1/2"]
[WhiteElo "2033"]
[BlackElo "1928"]
[PlyCount "130"]

1. e4 c5 2. Nf3 d6 3. c3 Nf6 4. h3 Nc6 5. Bd3 g6 6. O-O Bg7 7. Re1 O-O 8. Bc2
e5 9. d4 exd4 10. cxd4 Re8 11. dxc5 dxc5 12. Nc3 Be6 13. Bf4 Qa5 14. Qe2 Nb4
15. Bb1 a6 16. a3 Nc6 17. Be3 Red8 18. Ba2 Bxa2 19. Rxa2 Nd4 20. Bxd4 cxd4 21.
b4 Qc7 22. Nb1 d3 23. Qe3 Nh5 24. g3 Qc4 25. Rd2 Bd4 26. Nxd4 Rxd4 27. e5 Ng7
28. Qf3 Qd5 29. Qxd5 Rxd5 30. Nc3 Rd4 31. Red1 Rad8 32. Na4 a5 33. Nc5 axb4 34.
axb4 Rxb4 35. Rxd3 Rxd3 36. Rxd3 Nf5 37. Rd8+ Kg7 38. Rd7 Rb5 39. Ne6+ Kh6 40.
Nf8 Kg7 41. Ne6+ Kh6 42. Nd8 g5 43. Nxf7+ Kg6 44. Nh8+ Kh6 45. e6 Rb1+ 46. Kg2
Re1 47. Rxb7 Rxe6 48. Nf7+ Kg6 49. Nxg5 Kxg5 50. Rxh7 Ne7 51. Rh4 Re2 52. Rg4+
Kf5 53. Rf4+ Kg5 54. h4+ Kh6 55. Kf3 Ra2 56. Re4 Ng6 57. Re2 Ra4 58. Re6 Kh5
59. Rf6 Nxh4+ 60. gxh4 Rxh4 61. Rf4 Rh3+ 62. Ke4 Ra3 63. Rf8 Kg6 64. f4 Ra4+
65. Kf3 Ra1 1/2-1/2

[Event "Championnat de France - Open A"]
[Site "Pau"]
[Date "2008.08.17"]
[Round "6.49"]
[White "Kieffer, Christian"]
[Black "Muratet, Lucas"]
[Result "1/2-1/2"]
[WhiteElo "2148"]
[BlackElo "1934"]
[PlyCount "200"]

1. e4 c5 2. Nf3 d6 3. d4 cxd4 4. Nxd4 Nf6 5. Nc3 a6 6. Bc4 e6 7. Bb3 Nbd7 8.
Bg5 Qa5 9. Qd2 Be7 10. f4 Nc5 11. O-O Qc7 12. Rae1 h6 13. Bh4 Nfxe4 14. Nxe4
Bxh4 15. g3 Be7 16. f5 e5 17. Nc3 Nxb3 18. Nxb3 Qb6+ 19. Rf2 Bg5 20. Qd3 O-O
21. h4 Bf6 22. Nd5 Qd8 23. Nd2 b5 24. Ne4 Bb7 25. c3 Kh7 26. Rd1 Bxd5 27. Qxd5
Qb6 28. Qxd6 Qe3 29. Qd3 Qb6 30. Kg2 Rad8 31. Qc2 Rxd1 32. Qxd1 Qc6 33. Qf3 Qc4
34. b3 Qc7 35. Rd2 Rd8 36. Rd3 Qa5 37. Rxd8 Qxd8 38. Qe2 Kg8 39. Kf1 Be7 40.
Qd2 Qxd2 41. Nxd2 Kf8 42. h5 Bd8 43. Ke2 Ke7 44. Ne4 Bb6 45. Kd3 Kd7 46. g4 f6
47. c4 Bd4 48. Nd2 Kc6 49. b4 Bb2 50. Ne4 Bd4 51. Nd2 Bb2 52. Kc2 Bd4 53. Kb3
Bb6 54. a4 Bd8 55. Ne4 Be7 56. Nc3 bxc4+ 57. Kxc4 Bd6 58. Nd5 Bf8 59. b5+ axb5+
60. axb5+ Kb7 61. Nc3 Ba3 62. Na4 Bc1 63. Kd5 Bd2 64. Nc5+ Kb6 65. Kc4 Bc1 66.
Ne6 e4 67. Nxg7 e3 68. Kd3 Kxb5 69. Ne8 e2 70. Kxe2 Bg5 71. Nd6+ Kc6 72. Ne4
Bh4 73. Kd3 Kd5 74. Ke3 Ke5 75. Nc3 Bg5+ 76. Kf3 Bh4 77. Nb5 Bg5 78. Na7 Kd5
79. Nc8 Kc5 80. Ne7 Bc1 81. Ng6 Kd5 82. Nh8 Bd2 83. Nf7 Bc1 84. Nd8 Bd2 85. Ne6
Bc1 86. Ng7 Bd2 87. Ke2 Bc1 88. Kd3 Ke5 89. Ne6 Kd5 90. Nd4 Bg5 91. Nf3 Bc1 92.
Ng1 Bf4 93. Ne2 Bg5 94. Ng3 Ke5 95. Ne2 Bh4 96. Ke3 Bg5+ 97. Kf3 Bd2 98. Kg3
Bg5 99. Ng1 Bc1 100. Nf3+ Ke4 1/2-1/2

[Event "Championnat de France - Open A"]
[Site "Pau"]
[Date "2008.08.17"]
[Round "6.50"]
[White "Lewertowski, Gabriel"]
[Black "Milesi, Laurent"]
[Result "1/2-1/2"]
[WhiteElo "2017"]
[BlackElo "2145"]
[PlyCount "113"]

1. e4 b6 2. d4 Bb7 3. Nc3 e6 4. Bd3 Nf6 5. Nge2 c5 6. d5 exd5 7. exd5 Nxd5 8.
Nxd5 Bxd5 9. O-O Nc6 10. Nf4 Be6 11. Be4 Rc8 12. Qf3 Nd4 13. Qd3 Bd6 14. c3
Bxf4 15. Bxf4 d5 16. Rad1 dxe4 17. Qxe4 O-O 18. cxd4 Bd5 19. Qf5 c4 20. Rfe1 f6
21. Re3 Rf7 22. Rde1 g6 23. Qg4 Qd7 24. Qg3 b5 25. Bd6 Qf5 26. h4 Kg7 27. Bc5
a5 28. Qd6 b4 29. Rh3 h5 30. Rhe3 Rc6 31. Qd8 Qd7 32. Qxa5 Qg4 33. Rg3 Qxh4 34.
Qd8 Re6 35. Rxe6 Bxe6 36. d5 Bd7 37. Bxb4 Qe4 38. Bf8+ Kh7 39. d6 h4 40. Re3
Qd5 41. Qc7 Kg8 42. Re7 Bc6 43. f3 Qd4+ 44. Kh1 Bxf3 45. Bh6 Bxg2+ 46. Kxg2
Qg4+ 47. Kf2 Qd4+ 48. Ke2 Qd3+ 49. Ke1 Qb1+ 50. Kf2 Qf5+ 51. Ke3 Qd3+ 52. Kf2
Qg3+ 53. Ke2 Qd3+ 54. Ke1 Qb1+ 55. Kd2 Qd3+ 56. Kc1 Qf1+ 57. Kc2 1/2-1/2

[Event "Championnat de France - Open A"]
[Site "Pau"]
[Date "2008.08.17"]
[Round "6.51"]
[White "Baudon, Sebastien"]
[Black "Jactel, Nicolas"]
[Result "0-1"]
[WhiteElo "2009"]
[BlackElo "2141"]
[PlyCount "84"]

1. c4 Nf6 2. Nc3 d5 3. cxd5 Nxd5 4. d4 g6 5. e4 Nxc3 6. bxc3 Bg7 7. Bc4 c5 8.
Ne2 O-O 9. O-O Nc6 10. Be3 Bg4 11. f3 Na5 12. Bd3 cxd4 13. cxd4 Be6 14. Qa4 a6
15. Rac1 b5 16. Qc2 Bc4 17. Rfd1 Bxd3 18. Rxd3 Nc4 19. Bf2 Qa5 20. Rcd1 Rac8
21. Qb1 Rfd8 22. Nc1 Nd6 23. Nb3 Qa4 24. Nc5 Qa5 25. e5 Nc4 26. Nb7 Qc7 27.
Nxd8 Qxd8 28. Qb4 e6 29. Be1 Bf8 30. Qb3 Qd5 31. Bh4 Rc6 32. f4 Qe4 33. d5 exd5
34. Re1 Bc5+ 35. Kh1 Ne3 36. Rdxe3 Bxe3 37. Qxe3 Qxe3 38. Rxe3 d4 39. Re1 d3
40. Kg1 d2 41. Kf1 dxe1=Q+ 42. Bxe1 Rc2 0-1

[Event "Championnat de France - Open A"]
[Site "Pau"]
[Date "2008.08.17"]
[Round "6.52"]
[White "Nguyen-Huu, Hoang"]
[Black "Petitjean, Pierre"]
[Result "1-0"]
[WhiteElo "2129"]
[BlackElo "2025"]
[PlyCount "65"]

1. c3 g6 2. Qc2 Bg7 3. d3 e5 4. e4 d5 5. Nf3 Nc6 6. Be2 Nge7 7. O-O Bg4 8. Nbd2
Qd7 9. h3 Be6 10. Ng5 O-O-O 11. Nxe6 Qxe6 12. Re1 Bh6 13. Bf3 d4 14. a3 Qd7 15.
c4 f5 16. b4 Bxd2 17. Bxd2 Rdg8 18. b5 Nd8 19. exf5 gxf5 20. Rxe5 Nf7 21. Re2
Ng6 22. Bd5 Nh4 23. Be6 Rxg2+ 24. Kf1 Rhg8 25. Bxd7+ Kxd7 26. Ree1 Nf3 27. Bb4
Nxe1 28. Rxe1 Rg1+ 29. Ke2 Re8+ 30. Kd1 Rexe1+ 31. Bxe1 Ne5 32. Qe2 Ke6 33. f4
1-0